000 00775cam0a220018100 4500
005 20190819100632.0
008 010424
010 _a93119227
020 _a1565180550
035 _a(Sirsi) a143990
050 0 _aBJ37.B75
_bMor 1993
245 1 0 _aMorality and public life in time of change :
_bBulgarian philosophical studies, 1 /
_cedited by Vassil Prodanov and Asen Davidov.
260 _aWashington, D.C. :
_bPaideia press and the coucil for reseach in values and philosophy,
_c1993
410 0 0 _aThe Council For Research in Values and Philosophy Series.
_6S21921.1
650 0 _aEurope, Eastern -- Ethics
_xEurope, Eastern -- Ethics
_6S86471.1
650 0 _aEthics
_6S452.1
700 0 0 _aProdanov, Vassil ed.
_eProdanov, Vassil ed.
_6A114297.1
999 _c101142
_d101142